Animated Films Adapted from Video Games - Statistics

General Stats
  • This quiz has been taken 40 times
  • The average score is 9 of 15
Answer Stats
Picture Answer % Correct
The Super Mario Bros. Movie
100%
Pokémon: The First Movie
97%
The Angry Birds Movie
97%
Final Fantasy VII: Advent Children
86%
Street Fighter II
78%
Animal Crossing
64%
Ratchet & Clank
64%
Digimon: The Movie
61%
Professor Layton and the Eternal Diva
56%
Bayonetta: Bloody Fate
50%
Resident Evil: Degeneration
50%
Dragon Quest: Your Story
47%
Yo-kai Watch: The Movie
39%
NiNoKuni
17%
Mass Effect: Paragon Lost
6%
No matching quizzes found
Score Distribution
Percent of People with Each Score
Percentile by Number Answered
Your Score History
You have not taken this quiz